00506nam a2200169Ia 4500100002600000650000900026942000700035366000700042654001400049245002100063260003600084082002100120300000800141546001200149999001700161952015800178 aUniversity of Mumbai  aVLSI cBK f20 aCMOS.vlsi aCMOS VLSI Design bPearson EducationaMumbaic2006 a621.395/WESbWES a657 aENGLISH c26914d26914 001040708CRCaCRCEbCRCEd2023-03-17eProfessional Book House.g390.00i7 dt 07/05/2008l0o621.395/WES WESp18745r2023-03-17v410.00w0000-00-00yBK